000 00416nam a2200169Ia 4500
100 _aFranks/Bill
650 _aAnalytics
942 _cBK
366 _f20
654 _atidal wave
245 _aTaming the Big Data Tidal wave:Finding oppurtunities in Huge Data streams with Advanced analytics
260 _bWiley
_c2012
082 _a5.73
_bFRA
300 _a304
546 _aENGLISH
_cComputers
999 _c23795
_d23795